Najpopularniejsze marki sprzętu wędkarskiego - Statystyki

Ogólne statystyki
  • Ten quiz został rozwiązany 120 razy
  • Średni wynik to 5 z 15
Statystyki odpowiedzi
Hint Odpowiedź % Poprawnych
4. Jaxon
77%
5. Mikado
76%
6. Shimano
55%
7. Daiwa
39%
13. Savage gear
38%
10. Robinson
36%
2. Fox
33%
1. Prologic
29%
9. Okuma
25%
3. Nash
21%
12. Abu garcia
19%
11. Mistrall
18%
8. Dam
17%
14. Delphin
15%
15. Miracle fish
8%
Nie znaleziono quizów pasujących do podanych kryteriów
Rozkład punktacji
Procent ludzi z każdym wynikiem
Percentyl według liczby udzielonych odpowiedzi
Twoja historia wyników
Nie rozwiązałeś tego quizu